00586nam a2200169 a 450000100100000000500170001000800410002702000180006804000250008608200150011124500890012626000770021530000360029270000170032870000220034571000490036700003450720200930073735.0111005s2007 ko ac r 000 0 spa d a9788971992883 aDO-SdBNPbspacBNPHU axxxxbxxxx00aGyeongju :bA field guide to history /ctranslated by Lee Moon-ok, Nicholas Duverna. aKorea :bwritten by Korea Cultural and Historical Survey Society,c2007. a276 p. :bil., retrs. ;c22 cm.1 aMoon-ok, Lee1 aDuverna, Nicholas2 aKorea Cultural and Historical Survey Society